Normal view
MARC view
- Felipe, Cecille Suerte.
Entry Personal Name
001 - CONTROL NUMBER
- control field: 46634
003 - CONTROL NUMBER IDENTIFIER
- control field: OSt
005 - DATE AND TIME OF LATEST TRANSACTION
- control field: 20221104160406.0
008 - FIXED-LENGTH DATA ELEMENTS
- fixed length control field: 221104|| aca||aabn | a|a d
040 ## - CATALOGING SOURCE
- Original cataloging agency: OSt
- Transcribing agency: OSt
100 ## - HEADING--PERSONAL NAME
- Personal name: Felipe, Cecille Suerte.
670 ## - SOURCE DATA FOUND
- Source citation: Work cat.: (OSt): Felipe, Cecille Suerte. , Senate OKs bill on mandatory good manners subject / , February 18, 2020.
